| 000 | 00896cam a2200277 a 4500 | ||
|---|---|---|---|
| 001 | 36279 | ||
| 003 | BD-RjUL | ||
| 005 | 20211209052450.0 | ||
| 008 | 140618s1990 cou b 001 0 eng | ||
| 020 | _a0813306264 (alk. paper) | ||
| 035 | _a(BD-RjUL)36376 | ||
| 040 |
_aDLC _cDLC _dBD-RjUL _beng |
||
| 041 | _aeng | ||
| 082 | 0 | 0 |
_a947.0854092 _220 _bHAG 1990 |
| 100 | 1 |
_aḤazan, Barukh, _d1942- _9110418 |
|
| 245 | 1 | 0 |
_aGorbachev and his enemies : _bthe struggle for perestroika / _cBaruch A. Hazan. |
| 260 |
_aBoulder : _bWestview Press, _c1990. |
||
| 300 |
_aviii, 335 p. ; _c24 cm. |
||
| 504 | _aIncludes bibliographical references and index. | ||
| 600 | 1 | 0 |
_aGorbachev, Mikhail Sergeevich, _d1931- _9110419 |
| 650 | 0 |
_aPerestroika. _912152 |
|
| 651 | 0 |
_aSoviet Union _xPolitics and government _y1985-1991. _917216 |
|
| 942 |
_2ddc _cBK |
||
| 999 |
_c36279 _d36279 |
||